00959nas a2200229Ia 4500001001100000003000900011008004100020040001300061040001300074041001300087100004600100210001200146222001200158245008900170250001100259260002200270501008600292300001700378362003100395500026000426650004300686R142/B8929IT-RoPAU151124c99999999xx |||||||||||| ||und|| aIT-RoPAU cIT-RoPAU aFRANCESE aHennion AntoinegCodice Aut. SPICS: 12413 aRESEAUX aReseaux aRESEAUX, N.060 (LUGLIO/AGOSTO 1993)bHistoire De L'Art (L'): Lecons Sur la Mediation a1a ed. aPARISbCNETc1993 bPaulus - SPICS - Società San Paolo EM (non-commercial uses only)cCopyright2015 a30 p. [9-38] aN.060 (LUGLIO/AGOSTO 1993) aStoria dell'Arte: Lezioni Sulla Mediazione. Cerchi e Specchi: una Via Tracciata per la Sociologia Critica. Musica Allergica al Discorso Critico. Lezione della Storia dell'Arte. Secondo Jolly della Storia Sociale: L'Accomandante. Ricorrenza Infinita degli  aCOMUNICAZIONEvPUBBLICAZIONE PERIODICA